Caracterización morfológica de 16 accesiones criollas y acriollas de frijol rojo Phaseolus Vulgaris L. conservadas en el banco nacional de Germoplasma La Compañía, San Marcos, Carazo

En el presente estudio la falta de conservación y cultivo de variedades de frijol criollo y acriollado han llevado a restarle importancia a estas variedades que fueron introducidas por nuestros antepasados y que poseen características favorables para los investigadores y los pequeños productores...

Full description

Bibliographic Details
Main Authors: López Gutiérrez, Karen Massiel, Pavón Téllez, Sugey de los Ángeles
Other Authors: Tutor: Acevedo Ampie, Guillermo
Format: Tesis Section = Libro
Language:Undetermined
Spanish
Published: Managua UNI 2022
Subjects:
LEADER 01566nam a2200265Ia 4500
008 240830s9999 xx 000 0 und d
040 |a BIBLIOTECA-RUPAP/ Mon 635.652 L864 
041 |a spa 
082 |a Mon 635.652 L864 
100 1 |a López Gutiérrez, Karen Massiel 
100 1 |b Pavón Téllez, Sugey de los Ángeles 
245 1 0 |a Caracterización morfológica de 16 accesiones criollas y acriollas de frijol rojo Phaseolus Vulgaris L. conservadas en el banco nacional de Germoplasma La Compañía, San Marcos, Carazo 
260 |a Managua  |b UNI  |c 2022 
300 |a 94 p. :il. 
500 |a Contiene: anexos y CD. 
502 |a Tesis (Ingeniero Agrícola) - UNI, 2022. 
520 3 |a En el presente estudio la falta de conservación y cultivo de variedades de frijol criollo y acriollado han llevado a restarle importancia a estas variedades que fueron introducidas por nuestros antepasados y que poseen características favorables para los investigadores y los pequeños productores de las zonas rurales; las cuales se quiere demostrar en esta investigación por medio de la caracterización morfológica de variables cualitativas y cuantitativas que van desde la fase de germinación, hasta la cosecha de diferentes genotipos de frijol recolectados en diferentes zonas de nuestro país. 
650 7 |a PHASEOLUS VULGARIS 
650 7 |b  FRIJOL ROJO - VARIEDADES 
650 7 |c  FRIJOLES CRIOLLOS-MEJORAMIENTO 
650 7 |d SIEMBRA DE FRIJOLES 
700 1 |a Tutor:  |b Acevedo Ampie, Guillermo 
942 |c BK  |2 ddc 
991 |a Tesis 
999 |c 27727